| 000 | 00963cam a2200229 4500 | ||
|---|---|---|---|
| 001 | WB3717-17 | ||
| 008 | 000000n2001 000 0 eng u | ||
| 035 | _a(Sirsi) u112326 | ||
| 245 | _aOFT guide 'biased towards tenant' | ||
| 260 | _c2001 | ||
| 490 |
_aEstates Gazette _v(0117) 28 April 2001, 46(1) |
||
| 520 | _aBritish Property Federation and Association of Residential Lettings have expressed concerns that OFT draft guidance on unfair terms in tenancy agreements condemns standard practice, tipping the balance in favour of tenants and possibly breaching landlords' legal rights. | ||
| 590 | _aWB | ||
| 650 | _aOFT | ||
| 650 | _aOFT | ||
| 650 | _aRESIDENTIAL LETTINGS | ||
| 650 | _aPROPERTY-RESIDENTIAL PROPERTY-RESIDENTIAL LANDLORD AND TENANT-RESIDENTIAL TENANCIES | ||
| 650 | _aTENANCY AGREEMENTS | ||
| 650 | _aTENANTS' RIGHTS | ||
| 690 | _aPROPERTY-RESIDENTIAL PROPERTY-RESIDENTIAL LANDLORD AND TENANT-RESIDENTIAL TENANCIES | ||
| 942 | _n0 | ||
| 999 |
_c66860 _d66860 |
||